书目信息 |
| 题名: |
照片创意处理宝典
|
|
| 作者: | 张一鸣 编 | |
| 分册: | ||
| 出版信息: | 长沙 国防科技大学出版社 2002.06 |
|
| 页数: | 234页 | |
| 开本: | 26cm | |
| 丛书名: | ||
| 单 册: | ||
| 中图分类: | TP391.41 | |
| 科图分类: | ||
| 主题词: | 图象处理--应用软件 | |
| 电子资源: | ||
| ISBN: | 7-81024-841-3 | |
| 000 | 00758nam0 2200229 450 | |
| 001 | 010233758750 | |
| 005 | 20050823081036.17 | |
| 010 | @a7-81024-841-3@dCNY23.00 | |
| 100 | @a20050515d2002 km y0chiy0120 ea | |
| 101 | 0 | @achi |
| 102 | @aCN@b430000 | |
| 105 | @aa z 000yy | |
| 200 | 1 | @a照片创意处理宝典@Azhao pian chuang yi chu li bao dian@f张一鸣编@Fzhang yi ming bian |
| 210 | @a长沙@c国防科技大学出版社@d2002.06 | |
| 215 | @a234页@c图@d26cm | |
| 330 | @a本书介绍了家庭照片处理中常用的“我形我速”、Photsoshop 6.0和PhotoDraw 2000等图形图像处理软件的基础知识。 | |
| 606 | 0 | @a图象处理@x应用软件 |
| 610 | 0 | @aPhotoshop |
| 690 | @aTP391.41@v4 | |
| 701 | 0 | @a张一鸣@Azhang yi ming@4编 |
| 801 | 0 | @aCN@bQSSK@c20050823 |
| 905 | @a10447@dTP391.41@eZ234 | |
| 照片创意处理宝典/张一鸣编.-长沙:国防科技大学出版社,2002.06 |
| 234页:图;26cm |
| ISBN 7-81024-841-3:CNY23.00 |
| 本书介绍了家庭照片处理中常用的“我形我速”、Photsoshop 6.0和PhotoDraw 2000等图形图像处理软件的基础知识。 |
| ● |
| 相关链接 |
|
|
|
正题名:照片创意处理宝典
索取号:TP391.41/Z234
 
预约/预借
| 序号 | 登录号 | 条形码 | 馆藏地/架位号 | 状态 | 备注 |
| 1 | 528452 | 205284529 | 自科库301/301自科库 68排4列2层/ [索取号:TP391.41/Z234] | 在馆 | |
| 2 | 528453 | 205284538 | 自科库301/301自科库 68排4列2层/ [索取号:TP391.41/Z234] | 在馆 | |
| 3 | 528454 | 205284547 | 自科二线404/404自科库 13排1列3层/ [索取号:TP391.41/Z234] | 在馆 |